[Event "Ch Brazil"]
[Site "masterchessopen.com Fortaleza (Brazil)"]
[Round "7"]
[White "Machado Hermes A (BRA)"]
[Black "Van Riemsdijk Dirk D (BRA)"]
[Result "1-0"]
[WhiteElo "2310"]
[BlackElo "2132"]

1.e4 c5 2.Nf3 e6 3.d4 cxd4 4.Nxd4 a6 5.Bd3 Qc7 6.O-O Nf6 7.Be3 d5 8.Nc3 dxe4
9.Nxe4 Nxe4 10.Bxe4 Nd7 11.Nxe6 fxe6 12.Qh5+ Ke7 13.Rad1 g6 14.Bxg6 hxg6
15.Qxh8 Kf7 16.Qh7+ Kf6 17.h4 Bg7 18.Bg5+ Kf7 19.Bh6 Qe5 20.Rd3 {#r} 1-0

[Event "It (young masters)"]
[Site "masterchessopen.com Geneva (Switzerland)"]
[Round "0"]
[White "Bex Pierre-Alain (SUI)"]
[Black "Toshkov Tihomir (BUL)"]
[Result "0-1"]
[WhiteElo "2229"]
[BlackElo "2455"]

1.e4 c5 2.Nf3 e6 3.d4 cxd4 4.Nxd4 a6 5.Bd3 Nf6 6.Nc3 Qc7 7.O-O b5 8.Bg5 Bb7
9.Re1 Bc5 10.Nb3 Bd6 11.g3 Be5 12.Qe2 O-O 13.f4 Bxc3 14.bxc3 Qxc3 15.e5 Nd5
16.Qh5 g6 17.Qh6 f5 18.exf6 Nxf6 19.Re5 Ng4 20.Rc5 Qxa1+ 21.Nxa1 Nxh6 22.Rc7
Nf7 {#R} 0-1

[Event "It (open)"]
[Site "masterchessopen.com Bad Ragaz (Switzerland)"]
[Round "2"]
[White "Klundt Klaus (GER)"]
[Black "Haldemann Paul (SUI)"]
[Result "1-0"]
[WhiteElo "2385"]
[BlackElo "2090"]

1.e4 c5 2.Nf3 e6 3.d4 cxd4 4.Nxd4 a6 5.Bd3 Nf6 6.O-O Qc7 7.Qe2 d6 8.c4 g6
9.Nc3 Bg7 10.Rd1 O-O 11.Nf3 Nbd7 12.Bf4 Ne5 13.Rac1 b6 14.Nxe5 dxe5 15.Be3 Bb7
16.f3 Bc6 17.Nd5 Bxd5 18.cxd5 Qb7 19.dxe6 fxe6 20.Bc4 Rfd8 21.Rxd8+ Rxd8
22.Bxa6 {#r} 1-0

[Event "It (open)"]
[Site "masterchessopen.com Catania (Italy)"]
[Round "0"]
[White "Altini Daniele (ITA)"]
[Black "Castrogiovanni Carlo (ITA)"]
[Result "1-0"]
[WhiteElo "2257"]
[BlackElo "2004"]

1.e4 c5 2.Nf3 e6 3.d4 cxd4 4.Nxd4 a6 5.Bd3 Nc6 6.Nxc6 bxc6 7.c4 Nf6 8.Nc3 d5
9.cxd5 cxd5 10.exd5 Nxd5 11.Be4 Bb4 12.O-O O-O 13.Nxd5 exd5 14.Bxd5 Ra7 15.Qb3
Qa5 16.Be3 Rc7 17.Rac1 {#r} 1-0

[Event "Ch Yugoslavia (w)"]
[Site "masterchessopen.com Kladovo (Yugoslavia)"]
[Round "0"]
[White "Nikolin Zorica (SRB)"]
[Black "Rodic-Kures Gordana (BIH)"]
[Result "1-0"]
[WhiteElo "2164"]
[BlackElo "2032"]

1.e4 c5 2.Nf3 e6 3.d4 cxd4 4.Nxd4 a6 5.Bd3 Nf6 6.O-O Qc7 7.Qe2 d6 8.f4 Nbd7
9.c4 Be7 10.b3 O-O 11.Bb2 b6 12.Nd2 Bb7 13.Rae1 Rfd8 14.Bb1 Rac8 15.e5 dxe5
16.Nxe6 fxe6 17.fxe5 Bb4 18.exf6 Nc5 19.Bxh7+ Kxh7 20.Qh5+ Kg8 21.fxg7 {#r}
1-0

[Event "It (open)"]
[Site "masterchessopen.com Kusadasi (Turkey)"]
[Round "0"]
[White "Gufeld Eduard (USA)"]
[Black "Ipek Ali (TUR)"]
[Result "1-0"]
[WhiteElo "2434"]
[BlackElo "2161"]

1.e4 c5 2.Nf3 e6 3.d4 cxd4 4.Nxd4 a6 5.Bd3 Qc7 6.O-O Nf6 7.Nd2 Bd6 8.f4 Bxf4
9.Rxf4 Qxf4 10.Nc4 Qc7 11.e5 Ne4 12.Qg4 d5 13.exd6 Nxd6 14.Qxg7 Rf8 15.Bf4 Nf5
16.Qxf8+ Kxf8 17.Bxc7 b5 18.Bxf5 {#r} 1-0

[Event "It (open)"]
[Site "masterchessopen.com Muenster (Germany)"]
[Round "7"]
[White "Kovalev Andrei (BLR)"]
[Black "Chuchelov Vladimir (BEL)"]
[Result "1-0"]
[WhiteElo "2500"]
[BlackElo "2538"]

1.e4 c5 2.Nf3 e6 3.d4 cxd4 4.Nxd4 a6 5.Bd3 Nf6 6.O-O Qc7 7.Be3 d6 8.Nd2 g6
9.f4 Bg7 10.Kh1 O-O 11.Qe1 Nc6 12.Nxc6 bxc6 13.Qh4 c5 14.f5 exf5 15.exf5 d5
16.Bg5 Qc6 17.Rae1 c4 18.fxg6 fxg6 19.Nxc4 dxc4 20.Bxc4+ Kh8 21.Rxf6 Bxf6
22.Re8 {#r} 1-0

[Event "Ch Paris (open)"]
[Site "masterchessopen.com Paris (France)"]
[Round "0"]
[White "Leconte Jean-Olivier (FRA)"]
[Black "Anselmo Aldo (FRA)"]
[Result "0-1"]
[WhiteElo "2290"]
[BlackElo "2160"]

1.e4 c5 2.Nf3 e6 3.d4 cxd4 4.Nxd4 a6 5.Bd3 Nc6 6.Nxc6 bxc6 7.O-O Qc7 8.Qe2 d6
9.b3 Nf6 10.c4 Be7 11.Bb2 e5 12.Na3 c5 13.Nc2 O-O 14.Ne3 a5 15.a4 Rb8 16.Bc2
Be6 17.Nd1 g6 18.f3 Nh5 19.Nc3 Nf4 20.Qe1 Bxc4 21.bxc4 Rxb2 22.Nb5 Qd8 {#R}
0-1

[Event "It (open)"]
[Site "masterchessopen.com Reykjavik (Iceland)"]
[Round "0"]
[White "Howell James C (ENG)"]
[Black "Wintzer Joachim (GER)"]
[Result "1-0"]
[WhiteElo "2415"]
[BlackElo "2332"]

1.e4 c5 2.Nf3 e6 3.d4 cxd4 4.Nxd4 a6 5.Bd3 Qc7 6.O-O Nf6 7.c4 d6 8.Nc3 Be7
9.Kh1 Bd7 10.f4 Nc6 11.Nf3 Rc8 12.b3 O-O 13.Bb2 Rfd8 14.Qe2 g6 15.Rae1 Be8
16.Bb1 Rd7 17.e5 dxe5 18.fxe5 Nh5 19.Ne4 Rdd8 20.g4 Ng7 21.Nf6+ {#r} 1-0

[Event "It (open) \"]
[Site "masterchessopen.com Schwabisch Gmund (Germany)"]
[Round "0"]
[White "Thomas Richard Huw (WLS)"]
[Black "Zeller Frank (GER)"]
[Result "0-1"]
[WhiteElo "2197"]
[BlackElo "2402"]

1.e4 c5 2.Nf3 e6 3.d4 cxd4 4.Nxd4 a6 5.Bd3 Bc5 6.Nb3 Bb6 7.Qe2 Nc6 8.Be3 d6
9.Nc3 Nf6 10.f4 e5 11.Nd5 Bxe3 12.Qxe3 exf4 13.Nxf4 Ne5 14.O-O-O O-O 15.h3 Be6
16.Kb1 Re8 17.g4 Bxb3 18.axb3 Nxd3 19.Qxd3 Nxe4 20.Rhe1 Nf2 {#R} 0-1

[Event "It (open)"]
[Site "masterchessopen.com Toulouse (France)"]
[Round "4"]
[White "Lane Gary W (AUS)"]
[Black "Velikov Petar (BUL)"]
[Result "0-1"]
[WhiteElo "2370"]
[BlackElo "2485"]

1.e4 c5 2.Nf3 e6 3.d4 cxd4 4.Nxd4 a6 5.Bd3 Nf6 6.O-O Qc7 7.c4 Nc6 8.Nxc6 dxc6
9.Nc3 e5 10.Kh1 Bc5 11.Qe2 O-O 12.f4 Bg4 13.Qe1 Rad8 14.Bc2 Be6 15.b3 exf4
16.Bxf4 Qa5 17.e5 Ng4 18.Qh4 h6 19.Ne4 Bd4 20.Nf6+ Nxf6 21.Bxh6 Qxe5 22.Rxf6
Bf2 {#R} 0-1

[Event "It (open)"]
[Site "masterchessopen.com Vienna (Austria)"]
[Round "2"]
[White "Dudas Janos (HUN)"]
[Black "Plachetka Jan (SVK)"]
[Result "0-1"]
[WhiteElo "2338"]
[BlackElo "2388"]

1.e4 c5 2.Nf3 e6 3.d4 cxd4 4.Nxd4 a6 5.Bd3 Nf6 6.O-O d6 7.c4 g6 8.Nc3 Bg7
9.Kh1 b6 10.f4 Bb7 11.f5 Nc6 12.Nxc6 Bxc6 13.fxe6 fxe6 14.Bf4 O-O 15.Bc2 Nh5
16.Qxd6 Nxf4 17.Qxc6 Qd2 18.Rxf4 Qxf4 19.Qxe6+ Kh8 20.Bd3 Qd2 {#R} 0-1

[Event "It (cat.8)"]
[Site "masterchessopen.com Belgrade (Yugoslavia)"]
[Round "5"]
[White "Marinkovic Slavisa (SRB)"]
[Black "Landa Konstantin (RUS)"]
[Result "0-1"]
[WhiteElo "2414"]
[BlackElo "2639"]

1.e4 c5 2.Nf3 e6 3.d4 cxd4 4.Nxd4 a6 5.Bd3 g6 6.f4 Bg7 7.Nf3 d6 8.Nc3 Nf6
9.O-O O-O 10.a4 Qc7 11.Qe1 Nbd7 12.Qh4 b6 13.f5 Bb7 14.Bh6 Rae8 15.Bxg7 Kxg7
16.Kh1 Qc5 17.Rf2 Ng4 18.Rff1 Ngf6 19.Rf2 Qb4 20.e5 Qxh4 {#R} 0-1

[Event "Tournament"]
[Site "masterchessopen.com Helsingborg (Sweden)"]
[Round "0"]
[White "Furhoff Johan (SWE)"]
[Black "Ekelund Peter (SWE)"]
[Result "1-0"]
[WhiteElo "2370"]
[BlackElo "2289"]

1.e4 c5 2.Nf3 e6 3.d4 cxd4 4.Nxd4 a6 5.Bd3 Bc5 6.Nb3 Ba7 7.Nc3 Nc6 8.Qe2 d6
9.Be3 Bxe3 10.Qxe3 Nf6 11.f4 O-O 12.O-O-O Qc7 13.g4 Nxg4 14.Qg3 Nh6 15.f5 Qe7
16.Rhg1 Qf6 17.Rdf1 exf5 18.exf5 Qe5 19.Qh4 Nxf5 20.Bxf5 Bxf5 21.Re1 {#r} 1-0

[Event "It"]
[Site "masterchessopen.com Krasnodar (Russia)"]
[Round "0"]
[White "Amidzic Ognjen (BIH)"]
[Black "Tunik Gennady (RUS)"]
[Result "0-1"]
[WhiteElo "2072"]
[BlackElo "2412"]

1.e4 c5 2.Nf3 e6 3.d4 cxd4 4.Nxd4 a6 5.Bd3 Nf6 6.Nc3 Qc7 7.f4 d6 8.Qf3 Nc6
9.Nb3 b5 10.Be3 Bb7 11.a4 b4 12.Ne2 g6 13.O-O Bg7 14.f5 Ne5 15.Qh3 Neg4 16.Bg5
exf5 17.exf5 O-O 18.Rf4 Qb6+ 19.Nbd4 Rae8 20.Raf1 h5 21.fxg6 fxg6 22.Bxg6 Rxe2
{#R} 0-1

[Event "It (open)"]
[Site "masterchessopen.com Metz (France)"]
[Round "1"]
[White "Pytel Krzysztof (FRA)"]
[Black "Santamarianova Fabrice (FRA)"]
[Result "1-0"]
[WhiteElo "2305"]
[BlackElo "1870"]

1.e4 c5 2.Nf3 e6 3.d4 cxd4 4.Nxd4 a6 5.Bd3 Qc7 6.O-O b5 7.a4 b4 8.c3 Nc6
9.Nxc6 Qxc6 10.cxb4 Bxb4 11.Qg4 g6 12.Be3 Nf6 13.Qf3 e5 14.Nc3 O-O 15.Rac1
Bxc3 16.Rxc3 Qxa4 17.Qxf6 {#r} 1-0

[Event "Ch France (accession)"]
[Site "masterchessopen.com Montpellier (France)"]
[Round "8"]
[White "Boudre Jean-Pierre (FRA)"]
[Black "Chomet Pascal (FRA)"]
[Result "0-1"]
[WhiteElo "2299"]
[BlackElo "2317"]

1.e4 c5 2.Nf3 e6 3.d4 cxd4 4.Nxd4 a6 5.Bd3 Nf6 6.Qe2 d5 7.e5 Nfd7 8.Nxe6 Qa5+
9.Bd2 Qb6 10.Nxf8 Qxb2 11.e6 Nxf8 12.exf7+ Kxf7 13.Qh5+ Kg8 14.Bc3 Qc1+ 15.Ke2
Qxh1 16.Qxd5+ Ne6 17.Bf5 Nc6 18.Nd2 Qxh2 19.Nf3 Qc7 20.Ng5 Qf7 21.Nxe6 Bxe6
{#R} 0-1

[Event "It (open)"]
[Site "masterchessopen.com Oberwart (Austria)"]
[Round "0"]
[White "Dobrovolsky Ladislav (CZE)"]
[Black "Waldmann Ivan (HUN)"]
[Result "1-0"]
[WhiteElo "2395"]
[BlackElo "2208"]

1.e4 c5 2.Nf3 e6 3.d4 cxd4 4.Nxd4 a6 5.Bd3 Nf6 6.O-O d6 7.Kh1 Qc7 8.f4 Nbd7
9.Nc3 Be7 10.Qe1 O-O 11.Qg3 Re8 12.Nf3 e5 13.fxe5 Nxe5 14.Nxe5 dxe5 15.Bg5 Qd6
16.Bc4 Rf8 17.Rad1 Qc5 18.Rxf6 Qxc4 19.Nd5 Bd8 20.Bh6 g6 21.Qxe5 {#r} 1-0

[Event "Ch Paris (open)"]
[Site "masterchessopen.com Paris (France)"]
[Round "0"]
[White "Jaulin Marc (FRA)"]
[Black "Khariton Lev (FRA)"]
[Result "0-1"]
[WhiteElo "2108"]
[BlackElo "2242"]

1.e4 e6 2.d4 c5 3.Nf3 cxd4 4.Nxd4 a6 5.Bd3 Nc6 6.Nxc6 bxc6 7.O-O d5 8.c4 Nf6
9.exd5 cxd5 10.Nc3 dxc4 11.Bxc4 Qc7 12.Qe2 Bd6 13.f4 Bb7 14.b3 O-O 15.Bb2 Bxf4
16.Rae1 Bxh2+ 17.Kh1 Qg3 18.Nd5 Nxd5 19.Rf3 Qh4 20.Rh3 Qxh3 21.gxh3 Nf4+
22.Kxh2 Nxe2 {#R} 0-1

[Event "Ch Finland"]
[Site "masterchessopen.com Tampere (Finland)"]
[Round "9"]
[White "Ebeling Mika (FIN)"]
[Black "Rantanen Yrjo A (FIN)"]
[Result "1-0"]
[WhiteElo "2268"]
[BlackElo "2400"]

1.e4 c5 2.Nf3 e6 3.d4 cxd4 4.Nxd4 a6 5.Bd3 g6 6.c4 Bg7 7.Be3 Nc6 8.Nxc6 bxc6
9.Nc3 d6 10.O-O c5 11.Qd2 Ne7 12.Bh6 O-O 13.Bxg7 Kxg7 14.f4 f6 15.Rad1 Nc6
16.e5 f5 17.Qe3 Rb8 18.exd6 Qxd6 19.Bxf5 Nd4 20.Bb1 Rxb2 21.Ne4 Qc7 22.Rxd4
{#r} 1-0

[Event "Ch Sweden (master's group)"]
[Site "masterchessopen.com Borlange (Sweden)"]
[Round "10"]
[White "Hjelm Niclas (SWE)"]
[Black "Engstrom Kaj (SWE)"]
[Result "0-1"]
[WhiteElo "2313"]
[BlackElo "2268"]

1.e4 c5 2.Nf3 e6 3.d4 cxd4 4.Nxd4 a6 5.Bd3 Bc5 6.Nb3 Ba7 7.Qe2 Nf6 8.Nc3 d6
9.Be3 Nc6 10.O-O-O b5 11.f4 b4 12.Nb1 Qc7 13.Bxa7 Rxa7 14.g4 a5 15.Bb5 O-O
16.g5 Nd7 17.a4 bxa3 18.Nxa3 Nb4 19.Kb1 a4 {#R} 0-1

[Event "It (cat.12) \"]
[Site "masterchessopen.com Brno (Czech Republic)"]
[Round "0"]
[White "Popovic Petar (SRB)"]
[Black "Schlosser Philipp (GER)"]
[Result "1-0"]
[WhiteElo "2535"]
[BlackElo "2500"]

1.e4 c5 2.Nf3 e6 3.d4 cxd4 4.Nxd4 a6 5.Bd3 Bc5 6.Nb3 Ba7 7.O-O Nc6 8.Qg4 Qf6
9.Nc3 Nge7 10.Bg5 Qg6 11.Qh4 Ne5 12.Be2 {#r} 1-0

[Event "Tournament FMDA (a)"]
[Site "masterchessopen.com Buenos Aires (Argentina)"]
[Round "4"]
[White "Radoszta Armando E (ARG)"]
[Black "Laboranti Alberto (ARG)"]
[Result "1-0"]
[WhiteElo "2044"]
[BlackElo "2033"]

1.e4 c5 2.Nf3 e6 3.d4 cxd4 4.Nxd4 a6 5.Bd3 Nf6 6.O-O d6 7.Nc3 b5 8.a4 b4 9.Na2
d5 10.e5 Ne4 11.Qe1 Bb7 12.Kh1 Qc7 13.f3 Qxe5 14.fxe4 Qxd4 15.exd5 Qxd5 16.Qf2
f5 17.Qe2 Bc5 18.Bd2 {#r} 1-0

[Event "Ch Europe (juniors) (g)"]
[Site "masterchessopen.com Hradec Kralove (Czech Republic)"]
[Round "0"]
[White "Gaponenko Inna (UKR)"]
[Black "Zak Irina (ISR)"]
[Result "1-0"]
[WhiteElo "2445"]
[BlackElo "2190"]

1.e4 c5 2.Nf3 e6 3.d4 cxd4 4.Nxd4 a6 5.Bd3 g6 6.c4 Bg7 7.Be3 Ne7 8.Nc3 O-O
9.O-O d5 10.exd5 exd5 11.Re1 dxc4 12.Bxc4 Qc7 13.Bb3 Nbc6 14.Nxc6 Qxc6 15.Rc1
Nf5 16.Nd5 Nxe3 17.Rxe3 Qd7 18.Rxc8 {#r} 1-0

[Event "Olympiad"]
[Site "masterchessopen.com Manila (Philippines)"]
[Round "9"]
[White "Enhbat Cendragchaa (MGL)"]
[Black "Urday Henry (PER)"]
[Result "0-1"]
[WhiteElo "2253"]
[BlackElo "2482"]

1.e4 c5 2.Nf3 e6 3.d4 cxd4 4.Nxd4 a6 5.Bd3 Nf6 6.O-O Qc7 7.c4 Nc6 8.Be3 Ne5
9.Nc3 Neg4 10.g3 Nxe3 11.fxe3 b6 12.Qf3 Bb7 13.Rac1 Be7 14.Rc2 O-O 15.g4 d6
16.g5 Nd7 17.Qh5 Ne5 18.Rg2 Nxd3 19.Rf3 Qxc4 20.Rg4 Ne5 21.Rh3 h6 22.gxh6 g6
{#R} 0-1

[Event "It \"]
[Site "masterchessopen.com New York (USA)"]
[Round "0"]
[White "Garber Stanislav (USA)"]
[Black "Teodoro Eduardo (CAN)"]
[Result "1-0"]
[WhiteElo "2375"]
[BlackElo "2387"]

1.e4 c5 2.Nf3 e6 3.d4 cxd4 4.Nxd4 a6 5.Bd3 Nc6 6.Nxc6 dxc6 7.O-O Qc7 8.f4 Nf6
9.e5 Nd5 10.Qf3 Bd7 11.c4 Nb6 12.Nd2 c5 13.Be4 O-O-O 14.b3 Be7 15.Bb2 f5
16.exf6 gxf6 17.f5 Kb8 18.Rad1 Rhg8 19.Rfe1 Qd6 20.Nf1 exf5 21.Bxf5 Bc6 22.Be4
{#r} 1-0

[Event "Ch Argentina (juniors)"]
[Site "masterchessopen.com San Rafael (Argentina)"]
[Round "4"]
[White "Bustos Cristian (ARG)"]
[Black "Jodorcovsky Paulo (PAR)"]
[Result "1-0"]
[WhiteElo "2154"]
[BlackElo "2191"]

1.e4 c5 2.Nf3 e6 3.d4 cxd4 4.Nxd4 a6 5.Bd3 Bc5 6.Nf3 Nc6 7.c3 b5 8.O-O d5 9.b4
Bb6 10.a4 dxe4 11.Bxe4 Bb7 12.Qe2 bxa4 13.b5 Na5 14.Bxb7 Nxb7 15.bxa6 Nd6
16.Ba3 Bc7 17.Rd1 Nf6 18.c4 Qb8 19.Nc3 Nf5 20.Rab1 Qc8 21.Rb5 {#r} 1-0

[Event "Ch Spain (team)"]
[Site "masterchessopen.com Spain"]
[Round "9"]
[White "Cortes Bueno Jesus Javier (ESP)"]
[Black "Zarzo Lopez Tomas (ESP)"]
[Result "1-0"]
[WhiteElo "2231"]
[BlackElo "2297"]

1.e4 c5 2.Nf3 e6 3.d4 cxd4 4.Nxd4 a6 5.Bd3 Nf6 6.Nc3 d6 7.O-O Be7 8.Kh1 O-O
9.f4 Qc7 10.Qe2 Nbd7 11.a4 b6 12.e5 Ne8 13.Qe4 {#r} 1-0

[Event "Tournament (open)"]
[Site "masterchessopen.com Spain"]
[Round "7"]
[White "Lopez Rodriguez Jose Luis (ESP)"]
[Black "Valero Perez Francisco J (ESP)"]
[Result "1-0"]
[WhiteElo "2212"]
[BlackElo "2157"]

1.e4 c5 2.Nf3 e6 3.d4 cxd4 4.Nxd4 a6 5.Bd3 Nf6 6.O-O d6 7.Nc3 Be7 8.Kh1 O-O
9.f4 Qc7 10.Qe1 e5 11.Nf3 Nbd7 12.fxe5 dxe5 13.Nh4 Bb4 14.Bd2 Nc5 15.Nf5 Bxc3
16.Bxc3 Kh8 17.Qg3 Nh5 18.Qxe5 Qxe5 19.Bxe5 Re8 20.Nd6 {#r} 1-0

[Event "It (open)"]
[Site "masterchessopen.com Sydney (Australia)"]
[Round "0"]
[White "Cowley Robert (AUS)"]
[Black "Gedevanishvili Dmitry (AUS)"]
[Result "0-1"]
[WhiteElo "2121"]
[BlackElo "2380"]

1.e4 c5 2.Nf3 e6 3.d4 cxd4 4.Nxd4 a6 5.Bd3 Nf6 6.f4 d6 7.Qf3 g6 8.Nc3 Bg7 9.f5
O-O 10.Be3 Nc6 11.Nxc6 bxc6 12.O-O-O Qa5 13.g4 exf5 14.exf5 Rb8 15.g5 Rxb2
16.Bd4 Qb4 17.fxg6 Qxd4 18.gxf6 Bh6+ 19.Kxb2 Qb4+ 20.Ka1 Qxc3+ 21.Kb1 Bg4 {#R}
0-1

[Event "Ch Reinland"]
[Site "masterchessopen.com Trier (Germany)"]
[Round "0"]
[White "Wagner Harald (GER)"]
[Black "May Frank (GER)"]
[Result "1-0"]
[WhiteElo "2221"]
[BlackElo "2167"]

1.e4 c5 2.Nf3 e6 3.d4 cxd4 4.Nxd4 a6 5.Bd3 Nf6 6.O-O d6 7.c4 Be7 8.Nc3 Nc6
9.Re1 Qc7 10.Nf3 O-O 11.Bg5 h6 12.Bh4 b6 13.Rc1 Bb7 14.Qd2 Rfd8 15.Bg3 Nh5
16.Nd5 exd5 17.cxd5 Nxg3 18.dxc6 Bc8 19.hxg3 Bf6 20.Bc4 Be6 21.Bd5 Rac8 22.b3
{#r} 1-0

[Event "It (w)"]
[Site "masterchessopen.com Bucharest (Romania)"]
[Round "9"]
[White "Susterman Anja (LUX)"]
[Black "Gogalea Eleonora (ROM)"]
[Result "1-0"]
[WhiteElo "2282"]
[BlackElo "2038"]

1.e4 c5 2.Nf3 e6 3.d4 cxd4 4.Nxd4 a6 5.Bd3 Nf6 6.O-O Qc7 7.c4 b6 8.Nc3 Bb7
9.Qe2 h5 10.Nb3 Bd6 11.f4 Ng4 12.e5 Bc5+ 13.Nxc5 Qxc5+ 14.Kh1 Kf8 15.Be4 Nc6
16.Bd2 Rd8 17.Rac1 Qe7 18.Be3 Qh4 19.Bg1 Nd4 20.Qe1 Qxe1 21.Rfxe1 Bxe4 22.Nxe4
Nf5 {#r} 1-0

[Event "It (open) \"]
[Site "masterchessopen.com Buenos Aires (Argentina)"]
[Round "7"]
[White "Spangenberg Hugo (ARG)"]
[Black "Langier Daniel (ARG)"]
[Result "1-0"]
[WhiteElo "2535"]
[BlackElo "2395"]

1.e4 c5 2.Nf3 e6 3.d4 cxd4 4.Nxd4 a6 5.Bd3 Bc5 6.Nb3 Ba7 7.O-O Nc6 8.c4 Qc7
9.Qg4 g6 10.Nc3 Ne5 11.Qg3 Nf6 12.Be2 h5 13.Bg5 Nh7 14.Bf4 Bb8 15.Be3 g5 16.f4
Ng6 17.f5 Ne5 18.Bxh5 Nf8 19.Qxg5 Nxc4 20.Bxf7+ Kxf7 21.fxe6+ Ke8 22.Rxf8+
{#r} 1-0

[Event "It (open)"]
[Site "masterchessopen.com Burela (Spain)"]
[Round "0"]
[White "De La Fuente Mayan Alfredo (ESP)"]
[Black "Strikovic Aleksa (SRB)"]
[Result "0-1"]
[WhiteElo "2212"]
[BlackElo "2465"]

1.e4 c5 2.Nf3 e6 3.d4 cxd4 4.Nxd4 a6 5.Bd3 Nf6 6.O-O Qc7 7.c4 Nc6 8.Be3 Ne5
9.h3 b6 10.Nc3 Bb7 11.f4 Nxd3 12.Qxd3 d6 13.Rae1 Be7 14.b3 Rc8 15.e5 dxe5
16.fxe5 Qxe5 17.Bf4 Qxd4+ 18.Qxd4 Bc5 19.Be3 Bxd4 20.Bxd4 Nd7 {#R} 0-1

[Event "It"]
[Site "masterchessopen.com Dhaka (Bangladesh)"]
[Round "0"]
[White "Reefat Bin-Sattar (BAN)"]
[Black "Vaidya Arun B (IND)"]
[Result "1-0"]
[WhiteElo "2441"]
[BlackElo "2159"]

1.e4 c5 2.Nf3 e6 3.d4 cxd4 4.Nxd4 a6 5.Bd3 Nf6 6.O-O Qc7 7.Qe2 d6 8.f4 Be7
9.c4 O-O 10.b3 Nfd7 11.Bb2 Bf6 12.Nd2 Qc5 13.e5 dxe5 14.Ne4 Qe7 15.Nxf6+ Qxf6
16.fxe5 Qxe5 17.Qc2 h6 18.Nf5 Qc5+ 19.Bd4 Qa3 20.Nxh6+ gxh6 21.Bh7# 1-0

[Event "It (open)"]
[Site "masterchessopen.com Douai (Hungary)"]
[Round "8"]
[White "Timmerman Gert J (NED)"]
[Black "Miezis Normunds (LAT)"]
[Result "1-0"]
[WhiteElo "2325"]
[BlackElo "2534"]

1.e4 c5 2.Nf3 e6 3.d4 cxd4 4.Nxd4 a6 5.Bd3 Nc6 6.Nxc6 dxc6 7.Nd2 e5 8.Qh5 Bd6
9.Nc4 Bc7 10.Bg5 Ne7 11.O-O-O O-O 12.Be2 Qe8 13.Nd6 Bxd6 14.Rxd6 c5 15.Rhd1
Nc6 16.Bc4 b5 17.Bd5 Bb7 18.Rd3 Qb8 19.Rh3 {#r} 1-0

[Event "Ch Netherlands (qual)"]
[Site "masterchessopen.com Enschede (Netherlands)"]
[Round "0"]
[White "Slingerland Fred (NED)"]
[Black "Bosboom Manuel (NED)"]
[Result "0-1"]
[WhiteElo "2280"]
[BlackElo "2440"]

1.e4 c5 2.Nf3 e6 3.d4 cxd4 4.Nxd4 a6 5.Bd3 Nf6 6.Nc3 Qc7 7.a4 b6 8.O-O Bb7
9.Qe2 h5 10.h3 Bc5 11.Nb3 Ng4 12.hxg4 hxg4 13.e5 Bf3 14.gxf3 Qd8 {#R} 0-1

[Event "It (open)"]
[Site "masterchessopen.com Groningen (Netherlands)"]
[Round "11"]
[White "Bosch Jeroen (NED)"]
[Black "Kacheishvili Giorgi (GEO)"]
[Result "0-1"]
[WhiteElo "2290"]
[BlackElo "2395"]

1.e4 c5 2.Nf3 e6 3.d4 cxd4 4.Nxd4 a6 5.Bd3 b6 6.O-O Bb7 7.Qe2 d6 8.c4 Nd7 9.f4
g6 10.b3 Bg7 11.Bb2 Ngf6 12.e5 Nh5 13.g4 dxe5 14.fxe5 Nxe5 15.Nxe6 fxe6
16.Bxe5 Qd4+ 17.Bxd4 Bxd4+ 18.Qf2 Nf4 19.Qxd4 Nh3# 0-1

[Event "Staatsliga"]
[Site "masterchessopen.com Vienna (Austria)"]
[Round "3"]
[White "Wittmann Walter (AUT)"]
[Black "Brestian Egon (AUT)"]
[Result "1-0"]
[WhiteElo "2300"]
[BlackElo "2460"]

1.e4 c5 2.Nf3 e6 3.d4 cxd4 4.Nxd4 a6 5.Bd3 Nc6 6.Nxc6 bxc6 7.O-O d5 8.c4 dxe4
9.Bxe4 Qxd1 10.Rxd1 Bd7 11.Nc3 e5 12.Na4 Rb8 13.Be3 Nf6 14.Bf3 e4 15.Be2 Be7
16.b3 O-O 17.Nc3 {#r} 1-0

[Event "It (open)"]
[Site "masterchessopen.com Manresa (Spain)"]
[Round "2"]
[White "Daude Puvill Antonio (ESP)"]
[Black "Spassov Liuben (BUL)"]
[Result "0-1"]
[WhiteElo "2202"]
[BlackElo "2430"]

1.e4 c5 2.Nf3 e6 3.d4 cxd4 4.Nxd4 a6 5.Bd3 Nf6 6.O-O Qc7 7.Kh1 d6 8.Nc3 b5
9.a3 Bb7 10.f3 Be7 11.Qe1 O-O 12.Qg3 Re8 13.Qh3 Nbd7 14.Bg5 Ne5 15.f4 Nxd3
16.cxd3 Qb6 17.Nce2 b4 18.axb4 Qxb4 19.Nf3 Qxb2 20.Ned4 Qc3 21.Rab1 Qxd3 {#R}
0-1

[Event "It (open)"]
[Site "masterchessopen.com Oberlinghaus (Germany)"]
[Round "0"]
[White "Fenner Martin (GER)"]
[Black "Lingnau Carsten (GER)"]
[Result "0-1"]
[WhiteElo "1996"]
[BlackElo "2400"]

1.e4 c5 2.Nf3 e6 3.d4 cxd4 4.Nxd4 a6 5.Bd3 Nf6 6.e5 Qa5+ 7.Qd2 Qxe5+ 8.Be2 d5
9.O-O Nc6 10.Nf3 Qc7 11.c4 dxc4 12.Bxc4 Bb4 13.Qe2 O-O 14.Bg5 Ng4 15.a3 Nd4
{#R} 0-1

[Event "Tournament (active)"]
[Site "masterchessopen.com Poland"]
[Round "2"]
[White "Macieja Bartlomiej (POL)"]
[Black "Isaev Jamshed (TJK)"]
[Result "0-1"]
[WhiteElo "2613"]
[BlackElo "2380"]

1.e4 c5 2.Nf3 e6 3.d4 cxd4 4.Nxd4 a6 5.Bd3 Nf6 6.O-O d6 7.b3 Be7 8.Bb2 O-O
9.Nd2 Qc7 10.f4 Nbd7 11.Qe2 b5 12.Rae1 Nc5 13.f5 e5 14.N4f3 Bb7 15.h3 Rfe8
16.Kh2 Bf8 17.c4 bxc4 18.bxc4 a5 19.Bb1 Rab8 20.Ba1 d5 21.cxd5 Ba6 22.Nc4 {#R}
0-1

[Event "It (open)"]
[Site "masterchessopen.com Sevilla (Spain)"]
[Round "6"]
[White "Spangenberg Hugo (ARG)"]
[Black "Bellon Lopez Juan Manuel (ESP)"]
[Result "1-0"]
[WhiteElo "2530"]
[BlackElo "2460"]

1.e4 c5 2.Nf3 e6 3.d4 cxd4 4.Nxd4 a6 5.Bd3 d6 6.O-O g6 7.c4 Bg7 8.Nb3 Nd7
9.Nc3 b6 10.Bf4 Bxc3 11.bxc3 e5 12.Be3 Qc7 13.f4 f6 14.a4 Ne7 15.a5 Rb8
16.fxe5 Nxe5 17.Rxf6 Ng4 18.Bxb6 Rxb6 19.axb6 Qd8 20.b7 Qb6+ 21.c5 Qxb7
22.Rxd6 {#r} 1-0